MARC

LEADER 00000nam0a2200000 4500
001 332696
005 20231102004500.0
035 |a (RuTPU)RU\TPU\book\358654 
090 |a 332696 
100 |a 20170529d1958 km y0rusy50 ca 
101 0 |a rus 
102 |a RU 
105 |a a z 001zy 
200 1 |a Гоночные автомобили  |f В. В. Бекман 
210 |a Москва  |a Ленинград  |c Машгиз  |d 1958 
215 |a 266 с.  |c ил. 
320 |a Библиогр.: с. 263-265 
606 1 |a Гоночные автомобили  |2 stltpush  |3 (RuTPU)RU\TPU\subj\7432  |9 35090 
610 1 |a автомобильный транспорт 
610 1 |a автомобильный спорт 
610 1 |a гонки 
610 1 |a конструкции 
610 1 |a технические параметры 
610 1 |a эксплуатация 
610 1 |a классификация 
610 1 |a двигатели 
610 1 |a нагнетатели 
610 1 |a топливо 
610 1 |a шасси 
610 1 |a кузовы 
610 1 |a скорость 
610 1 |a рекорды 
610 1 |a динамика 
610 1 |a быстроходность 
675 |a 629.114.82  |v 4 
700 1 |a Бекман  |b В. В.  |g Вильгельм Вильгельмович 
801 1 |a RU  |b 63413507  |c 20170529 
801 2 |a RU  |b 63413507  |c 20220505  |g RCR 
942 |c BK